[Event "AUTO-ADV-1261"]
[Site "http://www.queenalice.com/game.php?id=697713"]
[Date "2009.12.14"]
[Round "2"]
[White "Rutty"]
[Black "ycalen"]
[Result "1-0"]
[WhiteElo "2057"]
[BlackElo "1918"]

1. e4 e5 2. Nf3 Nc6 3. Bc4 Nf6 4. Nc3 Bc5 5. O-O O-O 6. d3 d6 7. Bg5 h6 8. Be3
Bb4 9. h3 Ne8 10. a3 Bxc3 11. bxc3 Qf6 12. d4 Qg6 13. Kh2 Qxe4 14. Bd3 Qd5 15.
c4 Qa5 16. d5 Ne7 17. a4 Qa6 18. a5 c5 19. Nd2 b6 20. Nb3 Qb7 21. f4 exf4 22.
Bxf4 Qd7 23. axb6 a6 24. Na5 Rb8 25. Qb1 g5 26. Bd2 Nc7 27. h4 Qg4 28. hxg5 hxg5
29. Qc1 Ne8 30. Bxg5 Qh5+ 31. Kg1 Rxb6 32. Bxe7 Ng7 33. Bxf8 Kxf8 34. Qf4 f5 35.
Nc6 Rb7 36. Qxd6+ Kg8 37. Qd8+ Kh7 38. Qxc8 Rf7 39. Rf3 Qg5 40. Ne5 Re7 41. Rh3+
Nh5 42. Qxf5+ Qxf5 43. Bxf5+ Kh6 44. Be6 Rg7 45. Bf7 1-0

[Event "AUTO-ADV-1261"]
[Site "http://www.queenalice.com/game.php?id=697714"]
[Date "2009.12.14"]
[Round "2"]
[White "ycalen"]
[Black "Rutty"]
[Result "0-1"]
[WhiteElo "1886"]
[BlackElo "2047"]

1. e4 e5 2. Bc4 Nf6 3. Nc3 Bc5 4. Nf3 Nc6 5. O-O O-O 6. d3 d6 7. Nd5 h6 8. Ne1
Nxd5 9. Bxd5 Be6 10. Qf3 Bxd5 11. exd5 Nd4 12. Qg4 Qf6 13. c4 Qf5 14. Qxf5 Nxf5
15. Bd2 Nd4 16. b4 Ne2+ 17. Kh1 Bd4 18. Rb1 f5 19. Be3 f4 20. Bxd4 Nxd4 21. a4
Rae8 22. b5 g5 23. a5 e4 24. b6 axb6 25. axb6 c5 26. Ra1 e3 27. fxe3 fxe3 28.
Nf3 Nxf3 29. gxf3 e2 30. Rfe1 Rxf3 31. Kg2 Rxd3 32. Ra2 Rb3 33. Raxe2 Rxe2+ 34.
Rxe2 Rxb6 35. Re6 Kg7 36. Kg3 h5 37. h4 gxh4+ 38. Kxh4 Rb4 39. Kxh5 Rxc4 40.
Rxd6 b5 41. Kg5 Kf7 42. Kf5 Ke7 43. Re6+ Kd7 44. Ke5 b4 45. d6 Rd4 46. Re7+ Kc6
47. Rc7+ Kb5 48. Ke6 Kc4 49. d7 b3 50. Rb7 Kc3 51. Rb6 c4 52. Rd6 Rxd6+ 53. Kxd6
b2 54. d8=Q b1=Q 55. Qf6+ Kb4 56. Kd5 Qd3+ 57. Kc6 Kb3 58. Kc5 c3 59. Qb6+ Kc2
60. Qb4 Qf5+ 61. Kc6 Qe6+ 62. Kb5 Qb3 63. Qxb3+ Kxb3 0-1

[Event "AUTO-ADV-1261"]
[Site "http://www.queenalice.com/game.php?id=697715"]
[Date "2009.12.14"]
[Round "2"]
[White "PedroNRF"]
[Black "ycalen"]
[Result "1-0"]
[WhiteElo "1766"]
[BlackElo "1860"]

1. d4 d5 2. c4 dxc4 3. e4 Nc6 4. Nf3 Bg4 5. d5 Ne5 6. Bf4 Nxf3+ 7. gxf3 Bh5 8.
Qa4+ c6 9. dxc6 bxc6 10. Qxc6+ Qd7 11. Qxa8+ Qd8 12. Qxd8+ Kxd8 13. Nd2 e6 14.
O-O-O Bc5 15. Nxc4+ Ke7 16. Bd6+ Bxd6 17. Rxd6 Bxf3 18. Rg1 g6 19. Ra6 Bxe4 20.
Rxa7+ Kf6 21. Nd6 Nh6 22. Nxe4+ Kg7 23. b4 Rd8 24. Ng5 Rc8+ 25. Kd2 Rd8+ 26. Bd3
1-0

[Event "AUTO-ADV-1261"]
[Site "http://www.queenalice.com/game.php?id=697716"]
[Date "2009.12.14"]
[Round "2"]
[White "ycalen"]
[Black "PedroNRF"]
[Result "0-1"]
[WhiteElo "1909"]
[BlackElo "1728"]

1. e4 e5 2. Bc4 Nf6 3. Nc3 Nc6 4. Nf3 Bc5 5. O-O d6 6. d3 O-O 7. Ne1 Bg4 8. Nf3
Nd4 9. Bg5 c6 10. a3 h6 11. Bh4 b5 12. Bb3 Qd7 13. Bxf6 Bxf3 14. gxf3 Qh3 15.
Kh1 Nxf3 0-1

[Event "AUTO-ADV-1324"]
[Site "http://www.queenalice.com/game.php?id=700544"]
[Date "2009.12.19"]
[Round "2"]
[White "alesciulli"]
[Black "ycalen"]
[Result "0-1"]
[WhiteElo "1887"]
[BlackElo "1893"]

1. e4 e5 2. Nf3 Nc6 3. Bc4 Nf6 4. d4 exd4 5. O-O Bd6 6. Re1 Ne5 7. Nxe5 Bxe5 8.
f4 Bd6 9. e5 O-O 10. exd6 cxd6 11. Qxd4 b6 12. Nc3 Bb7 13. Qxd6 Ng4 14. Bd5 Qh4
15. Be3 Qxh2+ 16. Kf1 Ba6+ 17. Ne2 Qg3 18. Bd4 Rae8 19. c4 Qh2 20. b4 Bc8 21.
Bf3 Re6 22. Qd5 Rg6 23. Ng1 Qxf4 24. Re4 Nh2+ 25. Ke1 Nxf3+ 26. Nxf3 Qg3+ 27.
Kd1 Qxg2 28. Re2 Qf1+ 29. Re1 Qd3+ 30. Nd2 Re6 31. Rxe6 dxe6 32. Qe5 f6 33. Qe3
Qg6 34. Ke2 e5 35. Bc3 Bg4+ 36. Kf2 Rd8 37. Rc1 h5 38. Nf3 Qf5 39. Kg2 Rd3 0-1

[Event "AUTO-ADV-1324"]
[Site "http://www.queenalice.com/game.php?id=700545"]
[Date "2009.12.19"]
[Round "2"]
[White "ycalen"]
[Black "alesciulli"]
[Result "0-1"]
[WhiteElo "1908"]
[BlackElo "1933"]

1. e4 e5 2. Bc4 Nf6 3. Qf3 Bc5 4. Nc3 c6 5. Qg3 O-O 6. Qxe5 d6 7. Qg3 Be6 8. d3
Kh8 9. Nf3 Bxc4 10. dxc4 Nbd7 11. O-O Ne5 12. Nxe5 dxe5 13. Qxe5 Bd4 14. Qf4
Bxc3 15. bxc3 Qe7 16. Re1 Qe6 17. e5 Nd7 18. h4 f6 19. Ba3 c5 20. Qe4 b6 21. Qf3
fxe5 22. Qg3 Rf6 23. h5 Raf8 24. f3 Rf5 25. Qh3 Nf6 26. Re2 Nxh5 27. Bc1 Qg6 28.
Kf2 Nf6 29. Ke1 Rh5 30. Qe6 Rh1+ 0-1

[Event "AUTO-ADV-1324"]
[Site "http://www.queenalice.com/game.php?id=700546"]
[Date "2009.12.19"]
[Round "2"]
[White "Bernhardur"]
[Black "ycalen"]
[Result "1-0"]
[WhiteElo "2111"]
[BlackElo "1927"]

1. e4 e5 2. Nf3 Nc6 3. c3 Qf6 4. d4 exd4 5. cxd4 Bb4+ 6. Nc3 Qg6 7. Qd3 d6 8.
Be2 Nf6 9. O-O O-O 10. a3 Bxc3 11. bxc3 Bh3 12. Nh4 1-0

[Event "AUTO-ADV-1324"]
[Site "http://www.queenalice.com/game.php?id=700547"]
[Date "2009.12.19"]
[Round "2"]
[White "ycalen"]
[Black "Bernhardur"]
[Result "0-1"]
[WhiteElo "1876"]
[BlackElo "2091"]

1. e4 c6 2. d4 d5 3. e5 e6 4. Bd3 Ne7 5. c3 Nf5 6. Nf3 Be7 7. O-O O-O 8. b3 Nd7
9. a4 b6 10. b4 g6 11. Be3 Ng7 12. Bh6 f5 13. Qd2 c5 14. b5 a6 15. bxa6 c4 16.
Be2 Nb8 17. Na3 Bxa3 18. Rxa3 Rxa6 19. Bg5 Qd7 20. Bf6 Rxa4 21. Rxa4 Qxa4 22.
Qh6 Qa7 23. Ng5 Ne8 24. Rb1 Nxf6 25. exf6 Rxf6 26. Rxb6 Rf7 27. Rb1 Rb7 28. Rxb7
Qxb7 29. h3 Qg7 30. Qh4 h6 31. Nf3 Nd7 32. Qd8+ Qf8 33. Qc7 g5 34. Qc6 Nf6 35.
Ne5 Qe8 36. Bd1 Qxc6 37. Nxc6 Kf8 38. f3 h5 39. Ne5 g4 40. hxg4 hxg4 41. fxg4
Ne4 0-1

[Event "AUTO-ADV-1954"]
[Site "http://www.queenalice.com/game.php?id=852548"]
[Date "2010.10.30"]
[Round "1"]
[White "Nando_Oliveira"]
[Black "ycalen"]
[Result "1-0"]
[WhiteElo "1768"]
[BlackElo "1788"]

1. e4 e5 2. Bc4 Nf6 3. d3 Nc6 4. Nf3 Bc5 5. a3 O-O 6. Nc3 h6 7. h3 d6 8. b4 Bd4
9. Nxd4 Nxd4 10. Be3 c6 11. Ne2 1-0

[Event "AUTO-ADV-1954"]
[Site "http://www.queenalice.com/game.php?id=852549"]
[Date "2010.10.30"]
[Round "1"]
[White "ycalen"]
[Black "Nando_Oliveira"]
[Result "0-1"]
[WhiteElo "1771"]
[BlackElo "1785"]

1. e4 e5 2. Bc4 Nf6 3. Nc3 Bc5 4. Nf3 d6 5. O-O Nc6 6. d3 h6 7. h3 a6 8. Nd5
Nxd5 9. Bxd5 Bd7 10. c3 Qf6 11. b4 Bb6 0-1

[Event "AUTO-ADV-1954"]
[Site "http://www.queenalice.com/game.php?id=852567"]
[Date "2010.10.30"]
[Round "1"]
[White "ycalen"]
[Black "Tal0n"]
[Result "0-1"]
[WhiteElo "1756"]
[BlackElo "1707"]

1. e4 e5 2. Bc4 Nf6 3. Nc3 Bc5 4. Nf3 Ng4 5. O-O Bxf2+ 6. Rxf2 Nxf2 7. Kxf2 c6
8. Kg1 Qb6+ 9. Kh1 d5 10. exd5 Qc5 11. Nxe5 b5 12. d4 Qd6 13. Nxf7 Kxf7 0-1